000 01393nam a22003737a 4500
003 CHAP
005 20220329143621.0
008 101007s2008 mx r 00010 spa d
010 _a99391
011 _a100363
035 _a111049
040 _cCHAP
090 _aTesis
100 1 _aCamarillo Solano, Martín.
_917760
245 1 0 _aEvaluación de los bloques de maleza urea en la alimentación de becerras holstein en el tropico seco
_c/por Martín Camarillo Solano
260 _aCocula, Gro. :
_bEl autor,
_c2008
300 _aiv, 34 h. :
_bilus., cuadros, gráfs.
502 _aTesis (Ing. Agr. Zootecnista) -- CSAEGRO. Centro de Estudios Profesionales
590 _aALEPH
_b10
_c20130110
_lUCH01
_h1536
590 _aBATCH-UPD
_b10
_c20130110
_lUCH01
_h0838
590 _aBATCH-UPD
_b10
_c20130410
_lUCH01
_h0516
590 _aBATCH-UPD
_b10
_c20130914
_lUCH01
_h0824
590 _aCONVERSION
_b10
_c20130109
_lUCH01
_h1355
650 1 4 _aEvaluación.
_938913
650 1 4 _aGanado Holstein
_xGuerrero.
_945136
650 1 4 _aGanado vacuno
_xTrópicos.
_945522
650 1 4 _aMelaza en alimentación animal.
_974315
650 1 4 _aSorgo como forraje.
_9108743
650 1 4 _aSorgo
_xMateria seca
_xDeterminación.
_9108693
650 1 4 _aUrea en alimentación del ganado.
_9116891
901 _aBK
942 _cTESIS
949 _aTesis
_bBC
_cTES
_d33724002108876
_eTS1
_gDonaciØn
_h51122
_i111049
_sb
999 _c99391
_d99391